banner-ar

مختارات من مسرحيات شو القصيرة / (Record no. 43480)

MARC details
000 -الفاتح
حقل البيانات ثابتة الطول 00726nam a2200217Ia 4500
008 - عناصر البيانات ثابتة الطول - معلومات عامة
حقل البيانات ثابتة الطول 140319s9999 xx 000 0 ara d
040 ## - مصدر الفهرسة
وكالة الفهرسة الأصلية GCL /
وكالة النسخ GCL
082 04 - رقم تصنيف ديوى العشرى
رقم التصنيف 822.008
رقم المادة ش م
100 1# - المدخل الرئيسى - إسم شخصى
الإسم الشخصى على ادهم
245 10 - بيان العنوان
العنوان مختارات من مسرحيات شو القصيرة /
بيان المسئوليه,etc على ادهم
700 1# - المدخل الاضافى - اسم شخصى
الإسم الشخصى شو، ج . ب
700 1# - المدخل الاضافى - اسم شخصى
الإسم الشخصى ميشيل عبدالاحد
260 ## - PUBLICATION, DISTRIBUTION, ETC. (IMPRINT)
تاريخ النشر أو التوزيع 1961
300 ## - الوصف المادى
التعداد 254 ص ؛
أبعاد الوعاء 19سم
490 ## - بيان السلسلة
عنوان السلسلة الالف كتاب
رقم المجلد/ التعيين التسلسلي 339
650 04 - المدخل الاضافى بالموضوع-مصطلح موضوعى
مصطلح موضوعي المسرحيات الامريكية
650 04 - المدخل الاضافى بالموضوع-مصطلح موضوعى
مصطلح موضوعي الادب الامريكى المترجم
650 04 - المدخل الاضافى بالموضوع-مصطلح موضوعى
مصطلح موضوعي الادب العالمى المترجم
942 ## - عناصر المدخل الإضافي( كوها)
مصدر التصنيف او مخطط الترفيف Dewey Decimal Classification
Koha [default] item type كتاب
260 ## - PUBLICATION, DISTRIBUTION, ETC. (IMPRINT)
-- القاهرة :
-- مؤسسة روزاليوسف ،
Holdings
حالة التراجع حالة الفقد حالة تلف ليس للاعارة المكان المؤقت الموقع الحالى تاريخ الاكتساب اجمالي اﻻعارات رقم الطلب الباركود تاريخ اخر مشاهدة تاريخ تفعيل السعر نوع وعاء كوها
        مكتبة القاهرة الكبرى مكتبة القاهرة الكبرى 03/26/2014   822.008\ش م 105266 03/26/2014 03/26/2014 كتاب
        مكتبة القاهرة الكبرى مكتبة القاهرة الكبرى 03/26/2014   822.008\ش م 105267 03/26/2014 03/26/2014 كتاب

Powered By

EGPV